| 000 | 01010nam a2200241 a 4500 | ||
|---|---|---|---|
| 005 | 20171103151933.0 | ||
| 008 | 100222s1997 ck ab gr 00010 spa d | ||
| 040 |
_aCO-BoBLA _cCO-BoBLA |
||
| 041 | 0 | _aspa | |
| 044 | _ack | ||
| 082 | 0 | 4 |
_a630.986124 _bA35s |
| 100 | 1 |
_aMéndez Aldana, Hernando _eautor |
|
| 245 | 0 | 0 |
_aAnálisis de los sistemas agropecuarios del departamento de Norte de Santander / _cHernando Méndez Aldana [y otros 9]. |
| 260 | 3 |
_aBucaramanga : _bCorporación Colombiana de Investigación Agropecuaria, Corpoica, _c1997. |
|
| 300 |
_a73 páginas ; _c23 x 22 cm. |
||
| 650 | 2 | 6 |
_aAgricultura _zNorte de Santander (Colombia) |
| 650 | 2 | 6 |
_aCuencas hidrográficas _zNorte de Santander (Colombia) |
| 650 | 2 | 6 |
_aAgricultura alternativa _zNorte de Santander (Colombia) |
| 650 | 2 | 6 |
_aDesarrollo rural _zNorte de Santander (Colombia) |
| 700 | 1 |
_aArguello Angulo, Aura Linda _eautora |
|
| 700 | 1 |
_aMantilla Blanco, Jairo _eautor |
|
| 942 |
_2ddc _cLIBRO |
||
| 999 |
_c795 _d795 |
||